Consoles de jeux-vidéo - Statistiques

Statistiques générales
  • Ce quiz a été pris 305 fois
  • Le résultat moyen est 8 sur 12
Statistiques - réponses
Par images Réponse % Correct
Playstation
96%
Xbox 360
86%
Nintendo DS (lite)
83%
Nintendo 64
77%
Mégadrive
76%
Game Gear
65%
Dreamcast
60%
Virtual Boy
56%
Gameboy Pocket
54%
Jaguar
45%
OUYA
43%
PC-Engine
14%
Aucun quiz correspondant
Distribution des résultats
% des personnes avec chaque résultat
Percentile par nombre de réponses
Votre historique - résultats
Vous n’avez pas pris ce quiz